Ley Fundamental de la Unión de Republicas Socialistas Soviéticas /

Sparad:
Bibliografiska uppgifter
Institutionellt upphov: Rusia
Övriga upphov: Bogdan, Juan (traducción) (traducción)
Materialtyp: Bok
Språk:spanska
Utgiven: Moscú, Rusia : Progreso, 1980, c1980
Taggar: Lägg till en tagg
Inga taggar, Lägg till första taggen!

MARC

LEADER 00000nam^a2200000^a^4500
001 000572131
005 20250521000000.0
009 20260310132303.365
037 |a Acervo ITESO - Biblioteca 
041 |a ESP 
091 |a FGM. 04538 
110 |a Rusia 
245 1 0 |a Ley Fundamental de la Unión de Republicas Socialistas Soviéticas / 
264 4 |a Moscú, Rusia :  |b Progreso,  |c 1980, c1980 
300 |a 419 p. 
336 |a texto  |b txt  |2 rdacontenido 
337 |a sin mediación  |b n  |2 rdamedio 
338 |a volumen  |b nc  |2 rdasoporte 
649 |a XX 
700 |a Bogdan, Juan  |e (traducción) 
910 |a Fondo Efraín González Morfín 
920 |a Impresos - Libros 
930 |a Fondos Especiales 
905 |a 130 
901 |a 0500384531  |b IT2  |c ESL  |i D90212  |u 20250521 
902 |a https://opac.biblio.iteso.mx/vufind/Record/000572131